000 00393nam a2200157Ia 4500
008 210716s2019 xx 000 0 und d
020 _a9789389520941
041 _aeng
082 _a515.43 CHAK
100 _aChaudhary, Kuldeep; Goel, Shashank.
245 _aCalculus.
250 _a1
260 _aNew Delhi
_bWILEY
_c2019
300 _aix,366
650 _aCalculus Of Variations(515.64)
999 _c197290
_d197290